| Tag |
First Indicator |
Second Indicator |
Subfields |
| LEADER |
00000cas a2200000 a 4500 |
| 001 |
in00000009763 |
| 005 |
20151007051544.0 |
| 008 |
871113d19871989nyuqr1p |||| 0uuua0eng d |
| 010 |
|
|
|a sn 87008848
|
| 022 |
0 |
|
|a 0896-2529
|
| 035 |
|
|
|a (OCoLC)16976511
|
| 035 |
|
|
|9 AAA3588AM
|
| 040 |
|
|
|a NSD
|c NSD
|d NYG
|d NSD
|d UtOrBLW
|
| 042 |
|
|
|a nsdp
|a msc
|
| 049 |
|
|
|a TXAE
|
| 050 |
|
4 |
|a HG4050
|b .C66
|
| 210 |
0 |
|
|a Manuf. investm. outlook
|
| 222 |
|
0 |
|a Manufacturing investment outlook
|
| 245 |
0 |
0 |
|a Manufacturing investment outlook /
|c the Conference Board's Economic Analysis Program.
|
| 264 |
|
1 |
|a [New York, N.Y.] :
|b The Board,
|c 1987-
|
| 264 |
|
4 |
|c ©1989
|
| 300 |
|
|
|a 3 volumes :
|b illustrations ;
|c 28 cm.
|
| 310 |
|
|
|a Quarterly
|
| 336 |
|
|
|a text
|b txt
|2 rdacontent
|
| 337 |
|
|
|a unmediated
|b n
|2 rdamedia
|
| 338 |
|
|
|a volume
|b nc
|2 rdacarrier
|
| 362 |
0 |
|
|a 1987-v. 3, no. 2 (spring 1989).
|
| 500 |
|
|
|a Description based on: Fall 1987; title from caption.
|
| 650 |
|
0 |
|a Capital investments
|z United States
|x Statistics
|x Periodicals.
|
| 650 |
|
0 |
|a Manufactures
|z United States
|x Finance
|x Statistics
|x Periodicals.
|
| 710 |
2 |
|
|a Economic Analysis Program (Conference Board)
|
| 780 |
0 |
0 |
|t Capital appropriations/The Conference Board's Economic Analysis Program (OCLC) 16162772
|
| 948 |
|
|
|a t3
|
| 999 |
|
|
|a MARS
|
| 999 |
f |
f |
|s 90c22930-cbde-30aa-be0a-e8a1aaded8ba
|i 198483d6-5ef8-3753-86b7-41458c286a5f
|t 0
|
| 952 |
f |
f |
|p ric
|a Texas A&M University
|b Rellis Campus
|c Joint Library Facility
|d Remote Storage
|t 0
|e HG4050 .C66
|h Library of Congress classification
|i unmediated -- volume
|l 1987-1989
|m A14834228970
|
| 998 |
f |
f |
|a HG4050 .C66
|s 1987:Fall,1987:Winter 1988-1989
|t 0
|l Remote Storage
|